000 00489nam a2200181Ia 4500
005 20250508152129.0
008 008 250505s9999 xx 000 0 eng d
037 _aTextual
040 _aFEDL
_beng
_cFEDL
041 _aeng
_2eng
084 _a979.792, HOB
_qFEDL
100 _aHobley L F
_995726
245 0 _aExploring the pacific
260 _aLondon, UK
_bMethuen and Co. Ltd
_c1957
300 _a71p.
942 _cTEXL
_h979.792, HOB
999 _c1334464
_d1334464